[Event "GEO-ch (Women) 68th"]
[Site "Anaklia"]
[Date "2011.01.10"]
[Round "1"]
[White "Danelia, Mariam"]
[Black "Arabidze, Meri"]
[Result "1-0"]
[WhiteElo "2248"]
[BlackElo "2315"]
[PlyCount "79"]
[EventDate "2011.01.10"]
[EventType "tourn"]
[EventRounds "13"]
[EventCountry "GEO"]
[EventCategory "6"]
[SourceTitle "CBM 140 Extra"]
[Source "ChessBase"]
[SourceDate "2011.03.01"]
[SourceVersion "1"]
[SourceVersionDate "2011.03.01"]
[SourceQuality "1"]

1. d4 Nf6 2. c4 e6 3. Nc3 Bb4 4. Qc2 0-0 5. a3 Bxc3+ 6. Qxc3 b6 7. Bg5 Bb7 8. e3 d6 9. Ne2 Nbd7 10. Qc2 c5 11. Rd1 cxd4 12. Rxd4 Qe7 13. Nc3 h6 14. Bh4 Rad8 15. f3 d5 16. cxd5 exd5 17. Bf2 Ne5 18. Be2 a6 19. 0-0 b5 20. Rfd1 Rfe8 21. Qd2 Rc8 22. Bh4 Ned7 23. e4 Qc5 24. Bf2 dxe4 25. Nxe4 Bxe4 26. Rxd7 Qc2 27. Rd6 Qxd2 28. R6xd2 Bc2 29. Rc1 Bb3 30. Rxc8 Rxc8 31. Bd4 Nd5 32. Kf2 Nf4 33. Bf1 Ne6 34. Bc3 Rc6 35. Bd3 Nc5 36. Bf5 Kf8 37. Bb4 Ke7 38. Be4 Rc7 39. Bd5 Ba4 40. b3 1-0

[Event "Wch U16 Girls"]
[Site "Porto Carras"]
[Date "2010.10.29"]
[Round "10"]
[White "Ziaziulkina, Nastassia"]
[Black "Danelia, Mariam"]
[Result "1-0"]
[WhiteElo "2284"]
[BlackElo "2213"]
[PlyCount "89"]
[EventDate "2010.10.20"]
[EventType "swiss"]
[EventRounds "11"]
[EventCountry "GRE"]
[SourceTitle "EXT 2011"]
[Source "ChessBase"]
[SourceDate "2010.11.26"]
[SourceVersion "1"]
[SourceVersionDate "2010.11.26"]
[SourceQuality "1"]

1. e4 c5 2. Nf3 d6 3. d4 cxd4 4. Nxd4 Nf6 5. Nc3 a6 6. Bg5 e6 7. f4 Nbd7 8. Qe2 Qc7 9. 0-0-0 b5 10. a3 Bb7 11. g4 Be7 12. Bxf6 Bxf6 13. g5 Bxd4 14. Rxd4 e5 15. Rd2 exf4 16. Qg4 Ne5 17. Qxf4 0-0 18. Be2 Rad8 19. Rhd1 Rfe8 20. Rd4 Re6 21. Bg4 Nxg4 22. Qxg4 Qc5 23. Qg3 a5 24. b4 axb4 25. axb4 Qa7 26. Nxb5 Qa1+ 27. Kd2 Qb2 28. Qc3 Qxc3+ 29. Nxc3 Rde8 30. Re1 h6 31. h4 hxg5 32. hxg5 Rg6 33. Nb5 Ree6 34. c4 Rxg5 35. Nxd6 Re7 36. c5 g6 37. Rc1 Rg2+ 38. Ke3 f5 39. c6 Bxc6 40. Rxc6 fxe4 41. Rxe4 Ra7 42. b5 Ra3+ 43. Kf4 Rf2+ 44. Ke5 Ra5 45. Rf4 1-0

[Event "Wch U16 Girls"]
[Site "Porto Carras"]
[Date "2010.10.24"]
[Round "6"]
[White "Danelia, Mariam"]
[Black "Ibrahimova, Sabina Oqtay"]
[Result "1-0"]
[WhiteElo "2213"]
[BlackElo "2029"]
[PlyCount "231"]
[EventDate "2010.10.20"]
[EventType "swiss"]
[EventRounds "11"]
[EventCountry "GRE"]
[SourceTitle "EXT 2011"]
[Source "ChessBase"]
[SourceDate "2010.11.26"]
[SourceVersion "1"]
[SourceVersionDate "2010.11.26"]
[SourceQuality "1"]

1. d4 Nf6 2. c4 g6 3. Nc3 Bg7 4. e4 d6 5. f3 0-0 6. Nge2 Nc6 7. Be3 a6 8. Qd2 Rb8 9. Nc1 e5 10. d5 Nd4 11. Nb3 Nxb3 12. axb3 Nh5 13. g3 f5 14. exf5 gxf5 15. Be2 Qe8 16. b4 b6 17. 0-0-0 Bd7 18. Kb1 Qf7 19. f4 Rbd8 20. Rhg1 Nf6 21. h3 Ne4 22. Nxe4 fxe4 23. fxe5 Bxe5 24. Rdf1 Qg6 25. g4 a5 26. h4 Rxf1+ 27. Rxf1 Rf8 28. Rxf8+ Kxf8 29. h5 Qf6 30. bxa5 bxa5 31. g5 Qg7 32. h6 Qf7 33. Qxa5 Be8 34. Ka2 Qd7 35. Bd1 Qh3 36. Qd2 Qf1 37. Qe2 Qf5 38. Qg4 Bd7 39. Qg2 Be8 40. Bg4 Qg6 41. Qf2+ Ke7 42. Bf5 Qf7 43. Bxe4 Qg8 44. Qc2 Bg6 45. Bxg6 hxg6 46. Bd2 Qa8+ 47. Kb1 Qe8 48. Bc3 Qf7 49. Qe4 Kf8 50. Bxe5 dxe5 51. Qxe5 Qf1+ 52. Kc2 Qxc4+ 53. Kd2 Qb4+ 54. Qc3 Qf4+ 55. Qe3 Qb4+ 56. Kc1 Qc4+ 57. Kb1 Qxd5 58. Qf4+ Kg8 59. Qxc7 Qd1+ 60. Ka2 Qa4+ 61. Kb1 Qd1+ 62. Qc1 Qd3+ 63. Ka2 Qa6+ 64. Kb3 Qb5+ 65. Kc2 Qc4+ 66. Kd1 Qg4+ 67. Kc2 Qc4+ 68. Kb1 Qd3+ 69. Qc2 Qf1+ 70. Ka2 Qa6+ 71. Kb3 Qb5+ 72. Ka3 Qxg5 73. b4 Qxh6 74. Qc4+ Kh7 75. b5 Qe3+ 76. Ka4 Qa7+ 77. Kb4 Qe7+ 78. Qc5 Qe1+ 79. Kc4 Qe4+ 80. Qd4 Qe6+ 81. Qd5 Qe2+ 82. Kc5 Qc2+ 83. Kd6 Qf2 84. Kc7 Qa7+ 85. Kc8 Kh6 86. Qh1+ Kg5 87. Qc6 Qf7 88. Qd7 Qc4+ 89. Qc6 Qg8+ 90. Kc7 Qf7+ 91. Qd7 Qc4+ 92. Kb6 Kh4 93. Kb7 Qe4+ 94. Kc8 Qa8+ 95. Kc7 Qa7+ 96. Kc6 Qa8+ 97. Kc5 Qf8+ 98. Qd6 Qf5+ 99. Qd5 Qc8+ 100. Kb4 g5 101. b6 g4 102. b7 Qf8+ 103. Kb5 Qe8+ 104. Kb6 Qe3+ 105. Kc7 Qa7 106. Kc8 Qa6 107. Kc7 Qa7 108. Qd8+ Kh3 109. Qh8+ Kg2 110. Qb2+ Kh3 111. Qb6 Qxb6+ 112. Kxb6 g3 113. b8Q g2 114. Qh8+ Kg3 115. Qg7+ Kf2 116. Qf6+ 1-0

[Event "Wch U16 Girls"]
[Site "Porto Carras"]
[Date "2010.10.24"]
[Round "5"]
[White "Jalabadze, Natia"]
[Black "Danelia, Mariam"]
[Result "1/2-1/2"]
[WhiteElo "2043"]
[BlackElo "2213"]
[PlyCount "88"]
[EventDate "2010.10.20"]
[EventType "swiss"]
[EventRounds "11"]
[EventCountry "GRE"]
[SourceTitle "EXT 2011"]
[Source "ChessBase"]
[SourceDate "2010.11.26"]
[SourceVersion "1"]
[SourceVersionDate "2010.11.26"]
[SourceQuality "1"]

1. e4 c5 2. Nf3 d6 3. d4 cxd4 4. Nxd4 Nf6 5. Nc3 a6 6. Bc4 e6 7. 0-0 Nc6 8. Bb3 Be7 9. Be3 0-0 10. f4 Nxd4 11. Bxd4 b5 12. e5 dxe5 13. fxe5 Nd7 14. Ne4 Bb7 15. Nd6 Bxd6 16. exd6 Qg5 17. Qe2 e5 18. Bc3 Qg6 19. Rad1 Kh8 20. Bd5 Bxd5 21. Rxd5 Qe6 22. Rfd1 Rfe8 23. Ba5 f5 24. b3 e4 25. c4 bxc4 26. bxc4 f4 27. c5 Nf6 28. R5d4 Qd7 29. Qc2 Rac8 30. Bc7 Qc6 31. Qa4 Qxc5 32. d7 Nxd7 33. Qxd7 Qxc7 34. Qxc7 Rxc7 35. Rxe4 Rb8 36. Rxf4 h6 37. Rf2 Kh7 38. Rfd2 Rcb7 39. h3 Rb2 40. Kf2 a5 41. Ke3 Re8+ 42. Kf3 Rf8+ 43. Ke2 Re8+ 44. Kf3 Rf8+ 1/2-1/2